Pascal programming (Record no. 541720)

000 -LEADER
fixed length control field 00461nam a2200157 a 4500
020 ## - INTERNATIONAL STANDARD BOOK NUMBER
International Standard Book Number 0521253020 (hb)
082 ## - DEWEY DECIMAL CLASSIFICATION NUMBER
Classification number 005.133
Author Mark HOL
-- ML-02,P-91
100 1# - MAIN ENTRY--PERSONAL NAME
Personal name Holmes, B.J
9 (RLIN) 36741
245 1# - TITLE STATEMENT
Title Pascal programming
Statement of responsibility, etc. Holmes, B.J
260 ## - PUBLICATION, DISTRIBUTION, ETC.
Place of publication, distribution, etc. London :
Name of publisher, distributor, etc. DP. Publications,
Date of publication, distribution, etc. 1988
300 ## - PHYSICAL DESCRIPTION
Extent ix. 373p. :
Other physical details ill.
Dimensions 26 cm.
526 ## - STUDY PROGRAM INFORMATION NOTE
Program name 0
Interest level 0
Reading level 0
Title point value 005_133000000000000_HOL
650 #0 - SUBJECT ADDED ENTRY--TOPICAL TERM
Topical term or geographic name entry element MCE
9 (RLIN) 379
650 #0 - SUBJECT ADDED ENTRY--TOPICAL TERM
Topical term or geographic name entry element PASCAL (Computer Program Language)
9 (RLIN) 14014
942 ## - ADDED ENTRY ELEMENTS (KOHA)
Source of classification or shelving scheme
Koha item type Book
Holdings
Withdrawn status Lost status Source of classification or shelving scheme Damaged status Not for loan Permanent Location Current Location Date acquired Total Checkouts Full call number Barcode Date last seen Price effective from Koha item type
          Military College of Engineering (MCE) Military College of Engineering (MCE) 08/23/2013   005.133 HOL MCE-24323 08/23/2013 08/23/2013 Book
© 2023 Central Library, National University of Sciences and Technology. All Rights Reserved.